000 00932nam a22002177a 4500
999 _c6967
_d6967
003 AR-CdUCM
008 190319b ||||| |||| 00| 0 eng d
040 _aMUNICIPALIDAD PROVINCIAL DEL CUSCO
_cBIBLIOTECA MUNICIPAL DEL CUSCO
082 _23ed.
_a709 /
_bP56
100 _aPijoán, José
_918769
245 _aSumma Artis, Historia general del arte :
_bEl Arte Prehistórico Europeo /
260 _aMadrid
_bEspasa-Calpe, S.A.,
_c1961.
300 _a554 páginas ;
_bIlustraciones en color y b/n.
_c27 cm.
505 _aContenido: El arte prehistórico europeo -- Arte en la época paleolítica -- Arte en la época neolítica -- Arte en las edades de Bronce y primera edad de Hierro - Hallstatt -- Arte en la segunda edad de Hierro - La Téne...
650 _aHistoria del Arte
_91647
650 _aPintura
_93081
650 _aArte prehistórico
_919645
650 _aArte europeo
_919646
942 _2ddc
_cLIBROS
945 _anom